Margaret Atwood : a feminist poetics /

Bibliographic Details
Main Author: Davey, Frank, 1940-
Format: Book
Language:English
Published: Vancouver : Talonbooks, 1984.
Series:New Canadian criticism series.
Subjects:

MARC

Tag First Indicator Second Indicator Subfields
LEADER 00000cam a2200000 a 4500
001 in00000409613
005 20151012050553.0
008 850628s1984 bcc b 00110 eng
010 |a  85103362  
020 |a 0889222177 (pbk.) 
035 |a (OCoLC)11870842 
035 |9 ABT0269AM 
039 0 |a 2  |b 3  |c 3  |d 3  |e 3 
040 |a DLC  |c DLC  |d TXA  |d UtOrBLW 
049 |a TXAM  |c [A08643493] 
050 0 0 |a PR9199.3.A8  |b Z62 1984 
082 0 |a 818/.5409  |2 19 
100 1 |a Davey, Frank,  |d 1940- 
245 1 0 |a Margaret Atwood :  |b a feminist poetics /  |c by Frank Davey. 
264 1 |a Vancouver :  |b Talonbooks,  |c 1984. 
300 |a 178 pages ;  |c 22 cm. 
336 |a text  |b txt  |2 rdacontent 
337 |a unmediated  |b n  |2 rdamedia 
338 |a volume  |b nc  |2 rdacarrier 
490 1 |a The New Canadian criticism series 
500 |a Includes index. 
504 |a Bibliography: pages 173-175. 
600 1 0 |a Atwood, Margaret,  |d 1939-  |x Criticism and interpretation. 
650 0 |a Feminism and literature. 
830 0 |a New Canadian criticism series. 
999 |a MARS 
999 f f |s 8f49fc27-e0d5-3350-8539-3e165dac5ec1  |i fc5398af-c8a2-351f-a7e0-e99b22ee3a14  |t 0 
952 f f |p normal  |a Texas A&M University  |b College Station  |c Sterling C. Evans Library  |d Evans: Library Stacks  |t 0  |e PR9199.3.A8 Z62 1984  |h Library of Congress classification  |i unmediated -- volume  |m A14808643493 
998 f f |a PR9199.3.A8 Z62 1984  |t 0  |l Evans: Library Stacks